000 02644cam a2200325 4500500
005 20250125011304.0
041 _afre
042 _adc
100 1 0 _aGuillo, Dominique
_eauthor
245 0 0 _aInvestigaciones etológicas recientes sobre los fenómenos socioculturales en el mundo animal: una mirada profundamente renovada
260 _c2016.
500 _a74
520 _aLa investigación sobre la sociabilidad de los animales en su sentido más amplio ha experimentado una revolución en el último medio siglo, tanto teórica como empíricamente. Esta nueva investigación se basa principalmente en dos temas: por un lado la descripción y explicación del comportamiento social de los animales y, por otro, las de las culturas animales. Lejos de suscribir un conductismo sumario, estas perspectivas revelan empíricamente la complejidad y multiplicidad de los patrones de sociabilidad que se pueden observar en las distintas especies animales. Además de estos hallazgos empíricos, estas perspectivas ofrecen explicaciones evolutivas muy sólidas sobre la aparición de comportamientos sociales en el mundo vivo y las capacidades culturales de los animales. Sin embargo, también despliegan una concepción muy particular de la agencia animal y de los fenómenos socioculturales, que se basa en una epistemología y unos conceptos algo diferentes de los que tradicionalmente se emplean en las ciencias sociales y las humanas. Estas diferencias –que no son inconmensurables ni contradictorias– ilegitiman tanto los intentos de algunos etólogos de explicar la sociabilidad humana en términos reduccionistas como el rechazo generalizado o la indiferencia de las ciencias sociales hacia esas investigaciones etológicas en animales. Por su riqueza, estas últimas nos invitan a encontrar formas que articulen, sin reducirlas entre sí, los puntos de vista que han desarrollado, cada una a su manera y con sus propios métodos, las ciencias sociales y las ciencias de la vida.
690 _aComportamiento animal
690 _aEtología
690 _aSelección de los padres
690 _aAnimal-máquina
690 _aComportamiento social
690 _aAprendizaje social
690 _aCultura animal
690 _aEthology
690 _aSocial Behaviour
690 _aAnimal Culture
690 _aAnimal Behaviour
690 _aKin Selection
690 _aAnimal-Machine
690 _aSocial Learning
786 0 _nL'Année sociologique | 66 | 2 | 2016-10-07 | p. 351-384 | 0066-2399
856 4 1 _uhttps://shs.cairn.info/revista-l-annee-sociologique-2016-2-page-351?lang=es&redirect-ssocas=7080
999 _c912070
_d912070